000 00292nam a2200121Ia 4500
008 190216s9999||||xx |||||||||||||| ||und||
100 _aSankara Kurup G
245 0 _aMoonnaruviyum Oru Puzhayum
260 _bPoorna Pubs Kozhikode
_c1987
300 _a68p
650 _aKavithkal
942 _cBK
999 _c25250
_d25250